Tóm tắt marketing

Đã lưu trong:
Sonraí Bibleagrafaíochta
Príomhúdar: Hồ Đức Hùng
Formáid: Leabhar
Teanga:Undetermined
Foilsithe: Tp. HCM Trường Đại học Kinh tế Tp. HCM 1993
Ábhair:
Clibeanna: Cuir Clib Leis
Gan Chlibeanna, Bí ar an gcéad duine leis an taifead seo a chlibeáil!
Thư viện lưu trữ: Trung tâm Học liệu Trường Đại học Cần Thơ
LEADER 00508nam a2200181Ia 4500
001 CTU_11384
008 210402s9999 xx 000 0 und d
082 |a 658.83 
082 |b H513 
100 |a Hồ Đức Hùng 
245 0 |a Tóm tắt marketing 
245 0 |c Hồ Đức Hùng 
260 |a Tp. HCM 
260 |b Trường Đại học Kinh tế Tp. HCM 
260 |c 1993 
650 |a marketing 
904 |i Minh, 961022 
980 |a Trung tâm Học liệu Trường Đại học Cần Thơ